ბათუმის შოთა რუსთაველის სახელმწიფო უნივერსიტეტის ბიბლიოთეკა

Генетика.Том 49,№7. 2014 (ბიბ.ჩანაწერი № 44837)

000 -LEADER
fixed length control field 00571nam a2200217Ia 4500
001 - CONTROL NUMBER
control field 11651
003 - CONTROL NUMBER IDENTIFIER
control field GE_BSU
008 - FIXED-LENGTH DATA ELEMENTS--GENERAL INFORMATION
fixed length control field 181216s||||||||xx |||||||||||||| ||und||
020 ## - INTERNATIONAL STANDARD BOOK NUMBER
International Standard Book Number 00166758.
040 ## - CATALOGING SOURCE
Transcribing agency GE_BSU
245 ## - TITLE STATEMENT
Title Генетика.Том 49,№7. 2014
245 ## - TITLE STATEMENT
Remainder of title Ежемесячный журнал.
245 ## - TITLE STATEMENT
Statement of responsibility, etc. гл. ред. С.В.Шестаков,идр.
260 ## - PUBLICATION, DISTRIBUTION, ETC.
Place of publication, distribution, etc. москва.
260 ## - PUBLICATION, DISTRIBUTION, ETC.
Name of publisher, distributor, etc. наука.
260 ## - PUBLICATION, DISTRIBUTION, ETC.
Date of publication, distribution, etc. 2014
300 ## - PHYSICAL DESCRIPTION
Extent 880 ст,28см.
653 ## - INDEX TERM--UNCONTROLLED
Uncontrolled term Генетика.
653 ## - INDEX TERM--UNCONTROLLED
Uncontrolled term პერიოდიკა
942 ## - ADDED ENTRY ELEMENTS (KOHA)
Koha item type პერიოდიკა
ეგზემპლარები
Withdrawn status Lost status Damaged status Not for loan Date acquired Barcode Date last seen Price effective from Koha item type
        2018-12-17 p76421 2018-12-17 2018-12-17 პერიოდიკა